00473nam a2200121Ia 4500008004100000020002200041041001200063100001500075245005500090260003800145440007600183650009200259231221s9999 xx 000 0 und d a978-1-4419-9716-6 aEnglish aTom Proulx 0aStructural Dynamics and Renewable Energy, Volume 1 c2011bSpringer New YorkaNew York aConference Proceedings of the Society for Experimental Mechanics Series aStructural Mechanics; Vibration, Dynamical Systems, Control; Renewable and Green Energy